000 00352nam a2200133 i 4500
001 bg
100 1 _aZIELIŃSKI, Zygmunt
245 0 _aMetody analizy dynamiki i rytmiczności zjawisk gospodarczych /
_cZygmunt Zieliński.
260 _aWarszawa,
_c1979.
040 _cBPK
041 _apol
942 _cKS
008 s pl f |000 0 pol
999 _c21531
_d21531
856 _uhttp://koha.tu.koszalin.pl/cgi-bin/koha/opac-detail.pl?biblionumber=21531
_yKatalog online BPK